| 000 | 00386 a2200157 4500 | ||
|---|---|---|---|
| 003 | Nust | ||
| 005 | 20230327114020.0 | ||
| 040 | _cNust | ||
| 082 | _a891.4391,QAS | ||
| 100 |
_aQasmi, Attaul Haq _9111444 |
||
| 245 |
_aDunya Khoobsurat Hay / _cAta ul Haq Qasmi |
||
| 260 |
_aLahore _bDaua Publications |
||
| 300 | _a176 | ||
| 650 |
_aUrdu Adab _977031 |
||
| 942 |
_2ddc _cBK _k891.4391,QAS |
||
| 999 |
_c188056 _d188056 |
||